00476nam a2200181Ia 450000500170000000800410001702000130005804000190007104100120009008200160010210000260011824500520014426000360019630000100023250400190024265000230026185000100028420230609111537.0131103s9999 xx 000 0 und d a49100932 aLoreto College aEnglish a808.54bWAI aWainwright, Gordon R. aRapid reading made simplecGordon R. Wainwright aLondonbMade Simple Booksc1977 a272p. aincludes index aEnglish Literature aLCLIB